[Event "Detroit op"]
[Site "Detroit"]
[Date "1999.12.18"]
[Round "1"]
[White "Ruiz, Nancy"]
[Black "Thompson, Shereece"]
[Result "0-1"]
[WhiteElo "512"]
[BlackElo "779"]
[PlyCount "48"]
[EventDate "1999.12.18"]
[EventType "swiss"]
[EventRounds "6"]
[EventCountry "USA"]
[SourceTitle "EXT 2007"]
[Source "ChessBase"]
[SourceDate "2006.11.23"]
[SourceVersion "1"]
[SourceVersionDate "2006.11.23"]
[SourceQuality "1"]

1. e4 e5 2. d3 Nc6 3. Nc3 Bc5 4. Nf3 Nf6 5. a3 0-0 6. Bd2 h6 7. Ne2 d6 8. c3 Bg4 9. h3 Bh5 10. d4 Bxf3 11. gxf3 exd4 12. cxd4 Nxd4 13. Nxd4 Bxd4 14. Bd3 Nh5 15. Rc1 Qh4 16. Qe2 g5 17. b3 Nf4 18. Bxf4 Qxf4 19. Rd1 Qh4 20. Rd2 c6 21. a4 d5 22. e5 Rfe8 23. Be4 Rxe5 24. Rxd4 dxe4 0-1

[Event "Detroit op"]
[Site "Detroit"]
[Date "1999.12.18"]
[Round "4"]
[White "Thompson, Shereece"]
[Black "Trice, Shevonne"]
[Result "0-1"]
[WhiteElo "779"]
[BlackElo "878"]
[PlyCount "88"]
[EventDate "1999.12.18"]
[EventType "swiss"]
[EventRounds "6"]
[EventCountry "USA"]
[SourceTitle "EXT 2007"]
[Source "ChessBase"]
[SourceDate "2006.11.23"]
[SourceVersion "1"]
[SourceVersionDate "2006.11.23"]
[SourceQuality "1"]

1. e4 e5 2. Nf3 Nc6 3. Bc4 Nf6 4. Nc3 d6 5. 0-0 Bg4 6. h3 Bxf3 7. Qxf3 Nd4 8. Qd1 c6 9. d3 d5 10. Bb3 Bb4 11. Be3 Nxb3 12. cxb3 d4 13. Bg5 dxc3 14. bxc3 Bxc3 15. Rc1 Bd4 16. Qf3 h6 17. Bxf6 Qxf6 18. Qxf6 gxf6 19. a4 Ke7 20. Rc4 Rhd8 21. Rb4 b6 22. Rc1 c5 23. Rbc4 Ke6 24. b4 Rdc8 25. bxc5 bxc5 26. Rb1 Rab8 27. Rxb8 Rxb8 28. g3 f5 29. a5 h5 30. Kg2 f4 31. h4 fxg3 32. fxg3 Rb3 33. Kh3 Rxd3 34. Rc1 Re3 35. Rb1 c4 36. Rb7 Rxe4 37. a6 c3 38. Rb8 Re3 39. Rc8 Re2 40. Rc7 c2 41. Rc8 Bb2 42. Re8+ Kf6 43. Ra8 c1Q 44. Rxa7 Qh1# 0-1